书目信息 |
| 题名: |
精通ChemDraw
|
|
| 作者: | 胡立江 编著 | |
| 分册: | ||
| 出版信息: | 北京 清华大学出版社 2002 |
|
| 页数: | 228页 | |
| 开本: | 26cm | |
| 丛书名: | ||
| 单 册: | ||
| 中图分类: | O6-39 | |
| 科图分类: | ||
| 主题词: | 化学--计算机辅助制图--应用软件--高等学校--教学参考资料 | |
| 电子资源: | ||
| ISBN: | 7-302-05281-6 | |
| 000 | 00863nam0 2200253 450 | |
| 001 | 020000015974 | |
| 005 | 20051116093535.70 | |
| 010 | @a7-302-05281-6@dCNY21.00 | |
| 092 | @aCN | |
| 100 | @a20040805d2002 ekmy0chiy0120 ea | |
| 101 | 0 | @achi |
| 102 | @aCN@b110000 | |
| 105 | @aa z 000yy | |
| 200 | 1 | @a精通ChemDraw@9jing tong ChemDraw@f胡立江等编著@Fhu li jiang deng bian zhu |
| 210 | @a北京@c清华大学出版社@d2002 | |
| 215 | @a228页@c图@d26cm | |
| 300 | @a高等院校化学、化工、生物专业教学辅导 | |
| 330 | @a本书包括化学作图、分子模型生成、化学数据库信息管理等,并附有在线菜单和多页文件特点演示,增加了ChemNMR、光谱化学工具等功能。 | |
| 606 | 0 | @a化学@x计算机辅助制图@x应用软件@x高等学校@x教学参考资料 |
| 610 | 0 | @aChemDraw |
| 690 | @aO6-39@v4 | |
| 701 | 0 | @a胡立江@Ahu li jiang@4编著 |
| 801 | 0 | @aCN@bCXYBOOK@c20051116 |
| 905 | @a10447@dO6-39@e300 | |
| 精通ChemDraw/胡立江等编著.-北京:清华大学出版社,2002 |
| 228页:图;26cm |
| 高等院校化学、化工、生物专业教学辅导 |
| ISBN 7-302-05281-6:CNY21.00 |
| 本书包括化学作图、分子模型生成、化学数据库信息管理等,并附有在线菜单和多页文件特点演示,增加了ChemNMR、光谱化学工具等功能。 |
| ● |
| 相关链接 |
|
|
|
|
正题名:精通ChemDraw
索取号:O6-39/300
 
预约/预借
| 序号 | 登录号 | 条形码 | 馆藏地/架位号 | 状态 | 备注 |
| 1 | 0368096 | 203680962 | 第二样本阅览室/ [索取号:O6-39/300] | 在馆 | |
| 2 | 0368097 | 203680971 | 第三借阅区/ [索取号:O6-39/300] | 在馆 | |
| 3 | 0368098 | 203680980 | 第三借阅区/ [索取号:O6-39/300] | 在馆 |